Agrometeorología
Spremljeno u:
| Glavni autor: | |
|---|---|
| Format: | Knjiga |
| Jezik: | španjolski |
| Izdano: |
Ciudad de México
Trillas
1995
|
| Izdanje: | 1a. ed |
| Teme: | |
| Oznake: |
Dodaj oznaku
Bez oznaka, Budi prvi tko označuje ovaj zapis!
|
MARC
| LEADER | 00000nam a2200000 a 4500 | ||
|---|---|---|---|
| 001 | UCL7136 | ||
| 003 | CL-VaPUC | ||
| 008 | 040507e19950000MX |||||||||||||||||spa|d | ||
| 020 | |a 9682449170 | ||
| 082 | 0 | 4 | |a 630.2515 |b TOR |2 21 |
| 100 | 0 | |a Torres Ruiz, Edmundo |e author |9 484930 | |
| 245 | 1 | 0 | |a Agrometeorología |
| 250 | |a 1a. ed | ||
| 300 | |a 154 p | ||
| 942 | |c BK | ||
| 945 | |d 20040507 00:00:00 |a cmena | ||
| 260 | |a Ciudad de México |b Trillas |c 1995 | ||
| 650 | 0 | |a Agrometeorología |9 333565 | |
| 650 | 0 | |a Atmósfera |9 261875 | |
| 650 | 7 | |a RADIACION SOLAR |2 CL-VaPUC |9 350685 | |
| 650 | 7 | |a TEMPERATURA |2 CL-VaPUC |9 484931 | |
| 650 | 0 | |a Climatología |9 262302 | |
| 650 | 0 | |a Agricultura |9 255598 | |
| 583 | |a last modification |c 20040507 00:00:00 |k Rodrigo Vera | ||
| 999 | |c 308991 |d 308989 | ||
| 952 | |0 0 |1 0 |4 0 |6 630_251500000000000_TOR_1995 |7 0 |8 A |9 376029 |a BIBAGR |b BIBAGR |d 2019-11-21 |i 4013875 |o 630.2515 TOR 1995 |p 4013875 |r 2025-01-20 |w 2019-11-21 |y BK |k AGR | ||